Statistics for Stanley Parable Quiz

Click here to take the quiz!

General Stats

  • This quiz has been taken 5 times
  • The average score is 16 of 100

Answer Stats

HintAnswer% Correct
1Name of the protagonist and playable characterStanley
100%
3Name of the voice directing Answer #1Narrator
50%
73What year did The Stanley Parable come out?2013
25%
75What year did The Stanley Parable Ultra Deluxe come out?2022
25%
7Code to the boss's office2845
25%
23The number you press repeatedly in the Bucket Version of Answer #223
25%
2The office number of Answer #1427
25%
5The office number of Answer #4432
25%
86The Demo features a game where you repeatedly press a numbered button that says...8
25%
41The player who is your superior on the Leaderboard added in Answer #36, ranking at number 9327 worldwideA Dead Rat
25%
25The guide you follow to find the story in Answer #24Adventure Line™
25%
28Take the cargo lift and answer the phone in the Phone RoomApartment Ending
25%
42Similar to Answer #36, however, when you get to the baby game, play it for 4 hoursArt Ending
25%
18OH! DID U GET THIS ENDING? THES ENDING WAS MY FAVRITE!1 XDBroom Closet Ending
25%
27Similar to Answer #26, but quickly get on and off the lift before it moves and then jump off to the floor belowCold Feet Ending
25%
24Use the elevator inside the Maintenance RoomConfusion Ending
25%
62Name of the account that left a review suggesting the creation of a skip buttonCookie9
25%
9Pressing "ON" instead of "OFF" on the mind control facility's power, which will initiate its nuclear self-destruct functionCountdown Ending
25%
45Close the door to your office at the start of the game. The game resetsCoward Ending
25%
91Game Studio, ran by Answer #78, that developed and published The Stanley Parable Ultra DeluxeCrows Crows Crows
25%
12Name of the female Narrator in Answer #11Curator
25%
77Creator of The Stanley ParableDavey Wreden
25%
99What Answer #77 jokingly said Answer #3 is the platonic ideal of...Divorce
25%
54Allows you to barkDog Mode
25%
33Properly announce that your joke is over by exclaiming that you are...Doney with the Funny
25%
19What is Answer #1 addicted to in Answer #18Drugs and Hookers
25%
22Take the Elevator that leads to the mind control facility up and down several timesElevator Ending
25%
16Quickly enter and leave the Boss's Office, making sure the doors close. All doors behind you will now be openEscape Pod Ending
25%
43The being that speaks to you after playing for a full for hours in Answer #42Essence of Divine Art
25%
39The first game you play in Stanley Parable Ultra Deluxe during Answer #36Firewatch
25%
6Destroy the "Mind Control Facility" pushing the "OFF" button, disabling the controls and step out of the building into a green fieldFreedom Ending
25%
36Take the blue door to a large room full of developer textures
Games Ending
25%
21The title of the original song featured in Answer #20Good Job. You've Made It To the Bottom of the Mind Control Facility. Well Done.
25%
17Activate input on 5 computersHeaven Ending
25%
64During Answer #63, you can come across an Infinite Hole. Hopping inside and waiting it out reveals that the hole is in fact not infinite, and progressively grows shorter and shorterInfinite Hole Ending
25%
79Voice Actor of Answer #3Kevan Brighting
25%
14Go down the stairs instead of up and enter a never-ending paradoxical loop of rooms. End up screaming for help, dropping deadMadness Ending
25%
29Your wife is revealed to be a...Mannequin
25%
15Name of the Office Worker in Answer #14Mariella
25%
37The first game you play in the original Stanley Parable during Answer #36Minecraft
25%
11Follow the Escape sign instead of going in the Mind Control FacilityMuseum Ending
25%
55After a long elevator ride, you arrive in a room with a Jump CircleNew Content Ending
25%
46Get on top of desk 434 in the first office and leave through the windowOut of Map Ending
25%
38The second game you play in the original Stanley Parable during Answer #36Portal
25%
26Drop to your death in the warehouse without walking onto the cargo liftPowerful Ending
25%
59The name used for Steam on console versions of Answer #56Pressurized Gas
25%
40The second game you play in Stanley Parable Ultra Deluxe during Answer #36Rocket League
25%
63After Answer #56, the New Content door will now have a flashy neon sign adorning it. You are shown a pitch for a sequel to The Stanley Parable, aptly named The Stanley Parable 2Sequel Ending
25%
48Enter the console command to enable cheats. You will be sentenced to stay in a 'serious' room for one hundred billion trillion yearsSerious Ending
25%
49What piece of furniture makes this room especially serious?Serious Table
25%
10The bucket presses the "ON" button instead, revealing the Mind Control Facility's true purpose is to survey footage of...Silly Birds
25%
56A vent will open, leading you to the Memory ZoneSkip Button Ending
25%
65A new addition from Answer #63 with a comforting and charismatic aura that adds new endings and dialogue to the game when you have it with youThe Reassurance Bucket
25%
4Asks the player what time it isTime Keeper
25%
93The Stanley Parable Ultra Deluxe's game engineUnity
25%
53Open room 426, revealing a small room with a whiteboard hanging on the wall, saying "Welcome to the...Whiteboard Ending
25%
78Co-Creator of The Stanley ParableWilliam Pugh
25%
35Take the red door to a Starry Dome with bright colorsZending
25%
71What year did the original Mod of The Stanley Parable come out?2011
0%
88Voice actor of the announcer in Answer #55Alex Hirsch
0%
76What was the date? / What day is known as "Stanley Day?"April 27
0%
83Voice Actress of Stanley's wifeAviva Pinchas
0%
32My goodness! Is it 4:30? I'm supposed to be having a...Back, Sack, and Crack
0%
95Composer for music featured in The Stanley ParableBlake Robinson Synthetic Orchestra
0%
20Jump off a desk in the Mind Control FacilityBottom of the Mind Control Room Ending
0%
60Name of the account that left a review saying that Answer #3 is unfunnyBuglivia
0%
97Composer for music featured in The Stanley ParableChristiaan Bakker
0%
8Press the light button again, and the monitors will turn on colorful lights and lots of messages will rotate around the roomDisco
0%
80Answer #79 also plays Answer #3 in this 2013 multiplayer online battle arena (MOBA) video game by ValveDota 2
0%
81Answer #79 also plays Answer #3 in this 2015 strategy simulation video game developed by Realmforge Studios (as well as it's 2017 sequel)Dungeons 2
0%
67Set in the wasteland shown at the end of Answer #56Epilogue
0%
51Typing ... during gameplay in either version of the game replaces all brush textures with the website logoFacepunch
0%
66You are taken on a trip down memory lane to relive the moment you collected each figurineFigurines Ending
0%
58What language is it in?French
0%
90Game Studio, ran by Answer #77, that developed and published The Stanley ParableGalactic Cafe
0%
47When completing Answer #46 with the bucket, it is explained that the bucket was once human and was turned into a bucket by an ancient wizard named...Gambhorra'ta
0%
70The game The Stanley Parable was originally a mod forHalf-Life 2
0%
85Voice Actress of the Receptionist in the game's DemoJenny Kuglin
0%
89Voice actor of the man on tape in the Bucket Version of Answer #44Joe Finegold
0%
72What was the date?July 31
0%
57What is the title of the original song featured in Answer #56?La Memory Zone
0%
84Voice Actress of Answer #12Lesley Staples
0%
34The spoken password to the Mind Control Facility in Answer #30NightShark 115
0%
30Similar to Answer #28, but instead of answering, unplug the phoneNot Stanley Ending
0%
61Name of the account that left a review saying that Answer #3 is preachyNudelschaf
0%
74What was the date?October 17
0%
68An experiment was run on Answer #5, to see how he would work with an absence of...Pencils
0%
82Answer #79 also plays Answer #3 in this 2015 cryptic, brain-racking button-pushing puzzle game for its own Stanley Parable EndingPlease Don't Touch Anything
0%
69Suicidal piece of office equipmentPrinter
0%
52Command that replaces all Answer #3 dialogue with the name of Answer #1Rafael
0%
100According to a tweet by Answer #3, who's name is tattooed on Answer #1's chest?Simon Cowell
0%
92The Stanley Parable's game engineSource
0%
31Name of office worker in the instructional video in Answer #30Steven
0%
50What is the code to enable cheats?sv_cheats 1
0%
98Composer for music featured in The Stanley Parable Ultra DeluxeTom Schley
0%
87"My heavens! I've never met someone who can consume as much [___] in a single sitting as you can! Just look at you go!"Uranium
0%
94Game studio that developed and published Answer #70, whose assets are used throughout The Stanley Parable, and created Answer #92Valve
0%
44Climb up the boxes near the entrance to the warehouse and drop down onto a ledgeVent Ending
0%
13A cut ending shown in Answer #11 where you would end up fighting aliens on a battlefield. The game would become sentient and would wage war against Answer #3Warzone
0%
96Composer for music featured in The Stanley ParableYiannis Ioannides
0%

Score Distribution

Percentile by Number Answered

Percent of People with Each Score

Your Score History

You have not taken this quiz